00732 2200265 4500001002100000005001500021020002200036035002400058040001200082082001800094084001800112090001800130100002100148245009800169250001000267260003000277300003300307650003200340700001900372700001500391850001200406990001600418990001600434990001600450YOGYA00000000010034820140823125501 a978-602-8811-65-1 0010-111300000000465 aYOPDYOG 2[22]a899.223 a899.223 Koo w a899.223 Koo w aKOOMSON, Dorothy aThe women he loved beforec/ Dorothy Koomson; penerjemah Reni Indardini,penyunting Dhewiberta aCet.1 aYogyakartabBentangc2011 a551 hlm.c; 21 cm. ( 3 eks.) aFiksi Indonesia- Terjemahan aReni Indardini aDhewiberta aYOPDYOG a3933/B.2013 a3934/B.2013 a3935/B.2013